[Event "Arad op 15th"]
[Site "Arad"]
[Date "2022.08.11"]
[Round "5"]
[White "Kazarian, Anna Maja"]
[Black "Panc, Samuel"]
[Result "1-0"]
[WhiteElo "2139"]
[BlackElo "1927"]
[PlyCount "49"]
[EventDate "2022.08.08"]
[EventType "swiss"]
[EventRounds "9"]
[EventCountry "ROU"]
[SourceTitle "CBM 209 Extra"]
[Source "ChessBase"]
[SourceDate "2022.09.30"]
[SourceVersion "1"]
[SourceVersionDate "2022.09.30"]
[SourceQuality "1"]

1. e4 c5 2. Nc3 Nc6 3. Bb5 Nd4 4. Bc4 e6 5. Nf3 a6 6. Nxd4 cxd4 7. Ne2 b5 8. Bb3 Bc5 9. d3 Bb7 10. 0-0 Nf6 11. Bg5 h6 12. Bh4 g5 13. Bg3 d6 14. h3 Rg8 15. f4 gxf4 16. Bh4 Bxe4 17. dxe4 d3+ 18. Kh1 dxe2 19. Qxe2 Be3 20. Bxf6 Qxf6 21. Qxe3 Rxg2 22. Qxf4 Qxf4 23. Rxf4 Re2 24. Raf1 Ra7 25. Bxe6 1-0

[Event "Arad op-A 14th"]
[Site "Arad"]
[Date "2021.07.30"]
[Round "1"]
[White "Panc, Samuel"]
[Black "Coca, Cristi Iulian"]
[Result "1/2-1/2"]
[WhiteElo "1954"]
[BlackElo "2282"]
[PlyCount "92"]
[EventDate "2021.07.30"]
[EventType "swiss"]
[EventRounds "9"]
[EventCountry "ROU"]
[SourceTitle "CBM 203 Extra"]
[Source "ChessBase"]
[SourceDate "2021.09.30"]
[SourceVersion "1"]
[SourceVersionDate "2021.09.30"]
[SourceQuality "1"]

1. e4 c5 2. d3 Nc6 3. g3 Nf6 4. f4 d6 5. Bg2 g6 6. c3 Bg7 7. Nf3 0-0 8. 0-0 Rb8 9. Re1 b5 10. d4 cxd4 11. cxd4 Qb6 12. h3 d5 13. e5 Ne4 14. Kh2 b4 15. Be3 b3 16. a3 Na5 17. Nfd2 Nxd2 18. Nxd2 e6 19. Bg1 Ba6 20. Re3 Rfc8 21. Rc1 Rc2 22. Rxb3 Rxc1 23. Rxb6 Rxd1 24. Rxb8+ Bf8 25. Nf3 Rb1 26. Nd2 Rd1 27. Nf3 Nc4 28. Bf2 Rb1 29. Be1 Kg7 30. Bf1 Bxa3 31. Bxc4 Bxc4 32. Bc3 Bf8 33. Rb7 h6 34. Nd2 Ba6 35. Rxf7+ Kxf7 36. Nxb1 g5 37. fxg5 hxg5 38. Nd2 g4 39. hxg4 Kg6 40. Nf3 Be2 41. Kg2 Bh6 42. Kf2 Bd1 43. Nh4+ Kf7 44. Nf3 Kg6 45. Nh4+ Kf7 46. Nf3 Kg6 1/2-1/2

[Event "ROM-ch U16"]
[Site "Baile Felix"]
[Date "2017.02.06"]
[Round "6"]
[White "Gotsman, Szabolcs Mihaly"]
[Black "Panc, Samuel"]
[Result "0-1"]
[WhiteElo "1260"]
[BlackElo "1542"]
[PlyCount "86"]
[EventDate "2017.02.02"]
[EventType "swiss"]
[EventRounds "9"]
[EventCountry "ROU"]
[SourceTitle "CBM 176 Extra"]
[Source "ChessBase"]
[SourceDate "2017.03.02"]
[SourceVersion "1"]
[SourceVersionDate "2017.03.02"]
[SourceQuality "1"]

1. d4 Nf6 2. c4 e6 3. Nc3 Bb4 4. Bd2 0-0 5. e3 d5 6. Nf3 b6 7. a3 Be7 8. Be2 Ba6 9. cxd5 Bxe2 10. Qxe2 exd5 11. 0-0 c5 12. Rfd1 Qc8 13. Rac1 Qa6 14. Qxa6 Nxa6 15. Ne5 Nc7 16. dxc5 bxc5 17. Ne2 Ne4 18. f3 Nf6 19. Nf4 Ne6 20. Nxe6 fxe6 21. Ba5 Bd6 22. Bc3 Rfd8 23. Nc6 Rdc8 24. Bxf6 gxf6 25. Na5 Rab8 26. b4 cxb4 27. Rxc8+ Rxc8 28. axb4 Bxb4 29. Nb3 Rc3 30. Nd4 Rxe3 31. Kf2 Rc3 32. Nb5 Rc2+ 33. Kf1 Bc5 34. Ra1 Rf2+ 35. Ke1 Rxg2 36. Ra6 Bb6 37. Nxa7 Bxa7 38. Rxa7 Rxh2 39. Re7 e5 40. Rd7 d4 41. Kf1 h5 42. Kg1 Rd2 43. Rd5 Kf7 0-1

[Event "ROM-ch U16"]
[Site "Baile Felix"]
[Date "2017.02.02"]
[Round "1"]
[White "Albu, George"]
[Black "Panc, Samuel"]
[Result "1-0"]
[WhiteElo "1950"]
[BlackElo "1542"]
[PlyCount "155"]
[EventDate "2017.02.02"]
[EventType "swiss"]
[EventRounds "9"]
[EventCountry "ROU"]
[SourceTitle "CBM 176 Extra"]
[Source "ChessBase"]
[SourceDate "2017.03.02"]
[SourceVersion "1"]
[SourceVersionDate "2017.03.02"]
[SourceQuality "1"]

1. d4 Nf6 2. c4 e6 3. Nc3 Bb4 4. e3 c5 5. Bd3 0-0 6. Nf3 d5 7. 0-0 Nc6 8. a3 Bxc3 9. bxc3 Qc7 10. Qe2 b6 11. Bb2 Ba6 12. cxd5 Bxd3 13. Qxd3 exd5 14. c4 dxc4 15. Qxc4 Ne4 16. d5 Nd6 17. Qc3 f6 18. dxc6 Qxc6 19. Rfd1 Ne4 20. Qc4+ Kh8 21. Nd2 Rfe8 22. Nxe4 Rxe4 23. Qd5 Qe8 24. Rd2 h6 25. Rad1 Re7 26. Qxa8 Qxa8 27. Rd8+ Qxd8 28. Rxd8+ Kh7 29. Kf1 Kg6 30. Ke2 Kf5 31. f3 Kg5 32. Rd5+ Kg6 33. e4 Kf7 34. Ke3 Ke8 35. Kf4 Kf7 36. h4 Rc7 37. g4 c4 38. Bc3 Rb7 39. a4 a6 40. Ke3 b5 41. axb5 axb5 42. Bb4 Ke6 43. Kd4 Kf7 44. Rd6 Ke8 45. Kc5 Rb8 46. Rb6 Rc8+ 47. Rc6 Rb8 48. Bc3 Rd8 49. Rd6 Rb8 50. Kb4 Ke7 51. Rd5 Ke6 52. Rxb5 Rd8 53. Kxc4 Rc8+ 54. Rc5 Rd8 55. Rd5 Rc8+ 56. Kd4 Ra8 57. g5 Ra4+ 58. Kd3 hxg5 59. hxg5 Ra3 60. gxf6 gxf6 61. Rf5 Ke7 62. Rxf6 Rxc3+ 63. Kxc3 Kxf6 64. f4 Ke6 65. Kd4 Kd6 66. f5 Ke7 67. e5 Kd7 68. Kd5 Ke7 69. e6 Ke8 70. Kd6 Kd8 71. e7+ Ke8 72. f6 Kf7 73. Kd7 Kxf6 74. e8Q Kf5 75. Qe3 Kf6 76. Qe4 Kg5 77. Ke6 Kh5 78. Kf6 1-0